Harold Ramis' Film Legacy (Slideshow) Quiz Stats

Quiz not verified by Sporcle

Also try: Bane or Lincoln
Challenge
Share
Tweet
Score 0/20 Timer 08:00
0 Plays Today
% Correct
Ghostbusters
99.7%
National Lampoon's Vacation
89%
Stripes
87.5%
Analyze This
85.3%
Animal House
85.1%
Back to School
72%
Year One
71.3%
Groundhog Day
70.1%
Knocked Up
68.2%
Caddyshack
66.8%
% Correct
Meatballs
60.9%
Multiplicity
59%
Bedazzled
49.4%
As Good as It Gets
37.1%
Airheads
29.4%
Heavy Metal
20.1%
Orange County
20%
The Ice Harvest
17%
Walk Hard: The Dewey Cox Story
12.8%
The Last Kiss
4.3%

You're not logged in!

Compare scores with friends on all Sporcle quizzes.
Sign Up with Email
OR
Log In

You Might Also Like...

Show Comments

Extras

Top Quizzes Today


Score Distribution

Your Account Isn't Verified!

In order to create a playlist on Sporcle, you need to verify the email address you used during registration. Go to your Sporcle Settings to finish the process.